• 首页
  • 本馆介绍
  • 公告通知
  • 最新文献
  • 馆藏检索
  • 电子资源
  • 读者导购
  • 参考咨询
  • 我的图书馆
  • 登录
  • 详细信息显示
  • 放入我的书架
  • 预约/预借图书
  • 作者相关作品
  • 分类相关作品
  • 丛书相关作品
  • 出版社相关作品

书目信息

  • 表格格式
  • 工作单格式
  • 卡片格式
题名:
中国历史文献学
    
 
作者: 谢玉杰 , 王继光 主编
分册:  
出版信息: 北京   民族出版社  1999
页数: 436页
开本: 20cm
丛书名:
单 册:
中图分类: G257.35
科图分类:
主题词: 史学--文献学--研究--中国
电子资源:
ISBN: 7-105-03600-1
000 00612nam0 2200205 45
001 0311140485
005 20031219104121.6
010    @a7-105-03600-1@dCNY24.00
100    @a20031114d1999 km y0chiy0120 ea
101 0  @achi
105    @a z 000yy
200 1  @a中国历史文献学@AZhong Guo Li Shi Wen Xian Xue@f谢玉杰,王继光主编@FXie Yu Jie,Wang Ji Guang Zhu Bian
210    @a北京@c民族出版社@d1999
215    @a436页@d20cm
606 0  @a史学@x文献学@x研究@y中国
690    @aG257.35@v4
701  0 @a谢玉杰@4主编
701  0 @a王继光@4主编
801    @aCN@bTSTC@c20031114
905    @a213230@b328365@dG257.35@e32@f1
    
    中国历史文献学/谢玉杰,王继光主编.-北京:民族出版社,1999
    436页;20cm
    
    
    ISBN 7-105-03600-1:CNY24.00
    
●
相关链接 在E读中查询图书 在五车中查询图书 在当当中查询图书 在豆瓣中查询图书


正题名:中国历史文献学     索取号:G257.35/32         预约/预借

序号 登录号 条形码 馆藏地/架位号 状态 备注
1 0328365   203283650   第四借阅区/ [索取号:G257.35/32] 在馆    
唐山师范学院图书馆 欢迎您!
大连网信软件有限公司© 版权所有